| 000 | 008000000a22002170004500 | ||
|---|---|---|---|
| 082 | 0 | 4 | _aG 232.901 O33c |
| 100 | 1 | _aOgg, George | |
| 245 | 1 | 0 | _aThe chronology of the public ministry of Jesus / George Ogg |
| 260 | _aCambridge, England : At the University Press | ||
| 300 | _a339 páginas | ||
| 500 | _aIncluye índices (p. 331-339) | ||
| 501 | _aPasta dura | ||
| 504 | _aIncluye bibliografía (p. 325-330) | ||
| 505 | 0 | 0 | _aLa duración del ministerio - ¿Cuándo comenzó el ministerio? - ¿Cuando terminó el ministerio? - Hacia un esquema cronológico |
| 650 | 1 | 4 | _aBiblia N.T. - Interpretación \ Jesucristo - Ministerio \ Vida de Jesús |
| 001 | 20084 | ||
| 942 | _cBK | ||
| 999 |
_c46437 _d46437 |
||
| 336 |
_atexto _btxt _2rdacontent |
||
| 337 |
_2rdamedia _asin mediación _bn |
||
| 338 |
_2rdacarrier _avolumen _bnc |
||